Steven Universe - On the Run - Lyrics Quiz - Statistics

General Stats
  • This quiz has been taken 8 times
  • The average score is 90 of 105
Answer Stats
Character Lyrics % Correct
a
100%
'bout
100%
care
100%
don't
100%
Amethyst I
100%
never
100%
on
100%
run.
100%
run)
100%
run...
100%
that
100%
the
100%
to
100%
we
100%
we're
100%
Steven Universe (We're
100%
about
80%
adventure's
80%
all
80%
are
80%
around,
80%
away.
80%
be
80%
begun.
80%
behind,
80%
better
80%
Both But
80%
for
80%
fun.
80%
get
80%
go
80%
guess
80%
hang
80%
have
80%
home.
80%
home's
80%
Steven Universe It's
80%
just
80%
known.
80%
leaving
80%
moving,
80%
no
80%
others
80%
our
80%
place
80%
say.
80%
some
80%
than
80%
That's
80%
them
80%
there
80%
There's
80%
there's
80%
things
80%
time
80%
us
80%
We'll
80%
Amethyst Well
80%
what
80%
why
80%
wish
80%
as
60%
chase
60%
could
60%
friends
60%
setting
60%
sun.
60%
thinking
60%
will
60%
see
0%
No matching quizzes found
Score Distribution
Percent of People with Each Score
Percentile by Number Answered
Your Score History
You have not taken this quiz